|
|
|
|
| LEADER |
00000nam0a2200000 4500 |
| 001 |
179691 |
| 005 |
20231031170510.0 |
| 010 |
|
|
|a 9785170529254
|
| 010 |
|
|
|a 978-5-9713-9689-5
|
| 035 |
|
|
|a (RuTPU)RU\TPU\book\194791
|
| 090 |
|
|
|a 179691
|
| 100 |
|
|
|a 20100426d2008 m y0rusy50 ca
|
| 101 |
0 |
|
|a rus
|
| 102 |
|
|
|a RU
|
| 105 |
|
|
|a y z 000ay
|
| 200 |
1 |
|
|a Чужой огонь
|e роман
|f С. Палий
|
| 210 |
|
|
|a Москва
|c АСТ
|c АСТ Москва
|d 2008
|
| 215 |
|
|
|a 345 с.
|
| 225 |
1 |
|
|a Боевая фантастика
|
| 330 |
|
|
|a Мифы говорят: когда-то Прометей похитил огонь у богов и подарил его людям. Теперь, похоже, законные владельцы намерены вернуть себе похищенное... Смешно? Но цивилизация Земли на самом деле оказывается на грани техногенной катастрофы. Ядерные субмарины соседствуют с конными повозками. Рушатся империи. На смену огнестрельному оружию вновь приходит холодное. Обесцениваются нефть, газ, уголь и человеческая жизнь.Вперед — в прошлое?! Но люди не намерены сдаваться. Они больше не боятся богов — хотя бы потому, что уже в них не верят. Они намерены раскрыть подлинное лицо самозванцев — и дать им бой на их же территории!
|
| 610 |
1 |
|
|a русская литература
|
| 610 |
1 |
|
|a романы
|
| 610 |
1 |
|
|a фантастика
|
| 610 |
1 |
|
|a боевики
|
| 675 |
|
|
|a Р2
|v 3
|
| 700 |
|
1 |
|a Палий
|b С.
|g Сергей
|
| 801 |
|
1 |
|a RU
|b 63413507
|c 20100426
|
| 801 |
|
2 |
|a RU
|b 63413507
|c 20100504
|g RCR
|
| 942 |
|
|
|c BK
|